'Archer' Ultimate Trivia Quiz Seasons 1 - 14 - Statistics

General Stats
  • This quiz has been taken 3,701 times
    627 since last reset
  • The average score is 38 of 175
Answer Stats
Answer % Correct
Human Resources
95%
Duchess
92%
Cherokee
80%
His hand
73%
Len Trexler
71%
Cheryl Tunt
61%
Breast cancer
59%
Ray Gillette
58%
Cyborg
56%
Cheryl's pet ocelot
55%
Krav Maga
53%
A type of Scotch
52%
Cocaine addiction
52%
Shot
51%
Burt Reynolds
47%
The maid
46%
The Pope
46%
A bowl of spiderwebs
45%
Cyril Figgis
45%
Red paint
44%
A unicorn
43%
Bob's Burgers
43%
Cherlene
42%
Katya's robo-vagina
42%
Aliens
41%
Kenny Loggins
41%
Ron Cadillac
41%
Adolf Hitler
40%
Arrested Development
40%
A vending machine
39%
Foot
39%
Framboise
39%
Red Beer cans
39%
A Venus fly trap
37%
Funeral
37%
A computer virus
36%
Doctor Algernop
36%
His birth mother
36%
Giant slalom
35%
Reginald
35%
A stuffed toy alligator
34%
Ramon Limon
34%
Snowball
34%
White Pumpkin
34%
Her severed finger
33%
Improv actor
33%
Milton
30%
TV's Michael Gray
30%
Zima
30%
An elevator
29%
Rip Riley
29%
Excelsior
28%
Agent Holly
27%
Edie
27%
La Madrina
27%
West Virginia
27%
A tranquilized tiger
25%
Boris
25%
Conway Stern
25%
Long pig
25%
Major Nikolai Jakov
25%
The Monaco Grand Prix
25%
Treasury agent
25%
Waterboarding
25%
Lana's parents
24%
McGoon
24%
Three Years
24%
Carol
23%
Crackers the Parrot
23%
Veronica Deane
23%
His pubic hair
22%
Heroin
21%
Noah the Anthropologist
21%
San Marcos
21%
Uranium
21%
Germaine
20%
Tattooed on Pam's back
19%
Tentacle porn
19%
The Tsarina
19%
A mountain
18%
Barry Dylan
18%
Chinchilla
18%
Doberman Pinscher
18%
Germicide
18%
He was bald
18%
Nazi testicles
18%
Perlman
18%
Rodney Whosits
18%
Valet
18%
Dutch Dylan
16%
Gustavo Calderon
16%
Waxing Gibbous
16%
Eleven
15%
Longwater
15%
Timothy Olyphant
15%
White Lightning
15%
A halberd
14%
Alan Shapiro
14%
A velociraptor
14%
Bilbo
14%
Courtesan
14%
James Mason
14%
Woodhouse
14%
English Mastiff
13%
From Russia with Love
13%
Furlock Bones
13%
Howler monkeys
13%
Ivy
13%
Berenice
12%
Seize
12%
The Hobbit
12%
A Catsuit
11%
Mr. Rompers
11%
Pigley III
11%
Tiffy
11%
Trinette
11%
Berry
10%
Phil McCracken
10%
Archer's Father
9%
Diamond Rings
9%
Tony Drake
9%
Whitney Stratton IV
9%
Fabian Kingsworth
8%
Four
8%
Jamie Lee Curtis
8%
Malory
8%
Mannfred and Uta
8%
Milkly
8%
Poko the gorilla
8%
The Taj Mahal
8%
Funbeak
7%
Loose Goose
7%
Zirk
7%
Glengoolie Green
6%
My Left Foot
6%
New Jersey
6%
Save the Whales
6%
Sploosh
6%
The Cold War
6%
American Pie
5%
Benedict
5%
Interp0l
5%
Jesus
5%
JUNO
5%
King of the Train
5%
Magnum P.I.
5%
Reignition Sequence
5%
Sandra
5%
Sunset Boulevard
5%
The Reverse Ace
5%
A Hippo
4%
Lamont
4%
L'Orange
4%
Sergeant Strawberry
4%
White Turf
4%
Alessia
3%
Cerebrus
3%
Eryn
3%
Shackleton
3%
Shoot the bird
3%
The Invisible Hand
3%
Confectionary
2%
Dr Whirlington Spinblade
2%
Greebles
2%
Halfpint
2%
Jethro Krull
2%
Manatina
2%
McGinley
2%
Beauregard
1%
Carlotta
1%
Graymalkian
1%
Iron Spade'n
1%
Domingo
0%
Norman
0%
PAMAGEDDON
0%
No matching quizzes found
Score Distribution
Percent of People with Each Score
Percentile by Number Answered
Your Score History
You have not taken this quiz since the last reset